Ingeniería industrial alimentaria : técnicas de separación /

Contenido: Transportes de masa y transportes de cantidad de movimiento; Extracción; Decantación y centrifugación; Filtración; Ultrafiltración y ósmosis inversa; Electrodiálisis; Intercambio iónico; Destilación; Pervaporación.

Guardado en:
Detalles Bibliográficos
Autor principal: Mafart, Pierre (autor)
Otros autores: Béliard, Emile (autor) (autor)
Formato: Libro
Idioma:Español
Publicado: Zaragoza, España : Acribia, 1994, c1994
Temas:
Etiquetas: Agrega una etiqueta
Sin etiquetas, Sé el primero en etiquetar este registro!

MARC

LEADER 00000nam^a2200000^a^4500
001 000182959
005 20250521000000.0
009 20260310102024.414
020 |a 84-200-0768-4 
037 |a Acervo ITESO - Biblioteca 
041 |a ESP 
082 |a 664. 02  |b MAF V. 2 
100 |a Mafart, Pierre  |e (autor) 
245 1 0 |a Ingeniería industrial alimentaria :  |b técnicas de separación /  |c P. Mafart, E. Béliard ; tr. por Montserrat Mor-Mur Francesch... [et al.]. 
264 4 |a Zaragoza, España :  |b Acribia,  |c 1994, c1994 
300 |a XI, 277 p. 
336 |a texto  |b txt  |2 rdacontenido 
337 |a sin mediación  |b n  |2 rdamedio 
338 |a volumen  |b nc  |2 rdasoporte 
500 |a Traducción de: Génie Industriel Alimentaire. Tome II: Techniques séparatives 
520 |a Contenido: Transportes de masa y transportes de cantidad de movimiento; Extracción; Decantación y centrifugación; Filtración; Ultrafiltración y ósmosis inversa; Electrodiálisis; Intercambio iónico; Destilación; Pervaporación. 
649 |a XX 
650 |a Industria Alimenticia 
650 |a Separación (Tecnología) 
650 |a Transferencia de Masa 
650 |a Operaciones Unitarias 
650 |a Tecnología de Alimentos 
650 |a Ingeniería de Procesos 
650 |a Ingeniería Química 
700 |a Béliard, Emile  |e (autor) 
910 |a Fondo General 
920 |a Impresos - Libros 
930 |a Colección General 
905 |a 101 
901 |a 0500123165  |b IT1  |c ACC  |u 20250521 
902 |a https://opac.biblio.iteso.mx/vufind/Record/000182959